000 00358nam a22001337a 4500
008 170922b xxu||||| |||| 00| 0 eng d
020 _a9781555427283
041 _aeng
080 _a37
100 _a46
101 _aEDU
245 _aPROFESSIONALS' WAYS OF KNOWING: NEW FINDINGS ON HOW TO IMPROVE PROFESSIONAL EDUCATION
_cBASKETT, H.K.M
942 _2udc
_cBK
999 _c29070
_d29070